| 000 | 00822nam a2200229 i 4500 | ||
|---|---|---|---|
| 001 | bg | ||
| 100 | 1 | _aMODRZYŃSKI, Andrzej | |
| 245 | 1 | 0 |
_aKryteria doboru parametrów technologicznych wytapiania staliwa w piecach indukcyjno-plazmowych / _cAndrzej Modrzyński. |
| 260 |
_aPoznań : _bWydaw. PP, _c1996. |
||
| 300 |
_a177 s. : _brys., wykr. ; _c24 cm. |
||
| 490 | 1 |
_aRozprawy / Politechnika Poznańska, _x0551-6528 ; _vnr 310 |
|
| 504 | _aBibliogr. s. 172-176. - Summ. | ||
| 650 | 9 |
_aPiec indukcyjny _xzagadnienia |
|
| 650 | 9 |
_aPlazma (stan materii) _xstosowanie _xmetalurgia |
|
| 650 | 9 |
_aStaliwo _xtechnologia _xbadanie |
|
| 830 | 0 |
_aRozprawy (Politechnika Poznańska) ; _vnr 310 |
|
| 040 | _cBPK | ||
| 041 | 0 |
_apol _beng |
|
| 080 | _a621.365:669.1:533.9 | ||
| 942 | _cKS | ||
| 008 | s pl f |000 0 pol | ||
| 999 |
_c30701 _d30701 |
||
| 856 |
_uhttp://koha.tu.koszalin.pl/cgi-bin/koha/opac-detail.pl?biblionumber=30701 _yKatalog online BPK |
||